000 00238nam a2200097Ia 4500
001 810077
005 20250826171514.0
008 250824s9999 xx 000 0 und d
245 0 _aBUZ ÇETESİ 2
_cYÜCEL ÖZTÜRK
260 _bCEZVE YAYINLARI
999 _c810077
_d810077